Estadísticas para Países en Alemán

Haz click aquí para intentar la prueba.

Estadísticas generales

  • Esta prueba ha sido intentada 20 veces
  • La puntuación promedio es 15 de 20

Estadísticas de respuestas

AlemánEspañol% Correcto
DeutschlandAlemania
95%
ÖsterreichAustria
95%
FrankreichFrancia
89%
SchwedenSuecia
89%
EstlandEstonia
84%
UngarnHungría
84%
Vereinigtes KönigreichReino Unido
84%
SchweizSuiza
84%
KambodschaCamboya
79%
GriechenlandGrecia
79%
NordmazedonienMacedonia del Norte
79%
DschibutiYibuti
79%
WeißrusslandBielorrusia / Belarús
74%
VatikanstadtCiudad del Vaticano
74%
Vereinigte StaatenEstados Unidos
74%
LettlandLetonia
74%
TschechienChequia / República Checa
63%
ZypernChipre
63%
NeuseelandNueva Zelanda
58%
ElfenbeinküsteCosta de Marfil
37%

Distribución de puntuación

Porcentaje por número respondido

Porcentaje de gente con cada puntuación

Historial de tus puntuaciones

No has intentado esta prueba.